000 00669nam a22002297a 4500
942 _cBK
999 _c590
_d590
005 20250420134817.0
008 200810b ||||| |||| 00| 0 eng d
020 _a9780071122184
040 _cKCST
082 _a004.22
_bHa Co
100 _aHamacher, Carl
_95006
245 _aComputer organization /
_cHamacher Carl, Zvonko Vranesic, Safwat Zaky
250 _a5th edition
_bInt. edition
260 _aBoston, Mass. : McGraw-Hill,
_bMcGraw-Hill,
_c2002.
300 _a805 p.
650 _aComputer organization.
_95007
650 _aComputer architecture
_95008
700 _aVranesic, Zvonko
_95009
700 _aZaky, Safwat
_95010
942 _2ddc